000
00265nam a2200109Ia 4500
008
200302s9999 xx 000 0 und d
100
_a
Paul Oliver & Other
245
_a
Architecture An Invitation
260
_b
Basil Blackwell Ltd.
260
_c
1990
300
_a
173 P.,
999
_c
891
_d
891